Lobing v Európskej únii
Gespeichert in:
| 1. Verfasser: | |
|---|---|
| Format: | Buch |
| Sprache: | Slowakisch |
| Veröffentlicht: |
Bratislava
Ministerstvo zahraničných vecí Slovenskej republiky
2007
|
| Schlagworte: | |
| Tags: |
Keine Tags, Fügen Sie das erste Tag hinzu!
|
MARC
| LEADER | 00000nam$a2200000$$$4500 | ||
|---|---|---|---|
| 001 | 0055138 | ||
| 005 | 20240318125635.0 | ||
| 020 | |a 80-88726-18-2 | ||
| 041 | 0 | |a slo | |
| 044 | |a SK | ||
| 245 | 1 | 0 | |a Lobing v Európskej únii |c Branislav Pavlovič ... [et al.] |
| 264 | 1 | |a Bratislava |b Ministerstvo zahraničných vecí Slovenskej republiky |c 2007 | |
| 300 | |a 80 s. | ||
| 610 | 2 | 0 | |a lobizmus |
| 610 | 2 | 0 | |a integrácia ekonomická medzinárodná |
| 610 | 2 | 0 | |a politika zahraničná |
| 610 | 2 | 0 | |a záujmy ekonomické |
| 610 | 2 | 0 | |a záujmy verejné |
| 610 | 2 | 0 | |a politika verejná |
| 610 | 2 | 0 | |a sektory hospodárske |
| 610 | 2 | 0 | |a štát |
| 610 | 2 | 0 | |a štúdie prípadové |
| 610 | 2 | 0 | |a adresáre |
| 610 | 2 | 0 | |a Európska únia |
| 100 | 1 | |a Pavlovič, Branislav | |